| 000 -LEADER |
| fixed length control field |
01641pab a2200193 454500 |
| 008 - FIXED-LENGTH DATA ELEMENTS--GENERAL INFORMATION |
| fixed length control field |
180718b2008 xxu||||| |||| 00| 0 eng d |
| 100 ## - MAIN ENTRY--PERSONAL NAME |
| Personal name |
Deivam, M. |
| 245 ## - TITLE STATEMENT |
| Title |
Self help groups in Tamil Nadu: an identity for women empowerment |
| 260 ## - PUBLICATION, DISTRIBUTION, ETC. |
| Date of publication, distribution, etc. |
2008 |
| 300 ## - PHYSICAL DESCRIPTION |
| Extent |
p.157-64. |
| 362 ## - DATES OF PUBLICATION AND/OR SEQUENTIAL DESIGNATION |
| Dates of publication and/or sequential designation |
Jan-Mar |
| 520 ## - SUMMARY, ETC. |
| Summary, etc. |
Women empowerment is a comprehensive and much debated issue, and it is a dynamic, multi-dimensional process, which intends to enable women to realize their all powers and potential in all spheres of life. All over the world there is a realization that the best way to tackle poverty and enable the community to improve its quality of life is through social mobilization of poor, especially women into self help groups. Ever since independence a number of innovative schemes have been launched for the upliftment of women in our country. Indian government has taken lot of initiatives to strengthen the institutional rural credit system and development programmes. The Indian government adopted the approach of Self Help Groups (SHGs) to uplift the rural poor women. The empowerment of women through Self Help Groups (SHGs) would lead to benefits not only to the individual woman and women groups but also the families and community as a whole through collective action for development. The present article tries to analyse the efforts of Tamilnadu in making the Self Help Groups as an identity of women empowerment. - Reproduced. |
| 650 ## - SUBJECT ADDED ENTRY--TOPICAL TERM |
| Topical term or geographic name entry element |
Women - India - Tamil Nadu |
| 650 ## - SUBJECT ADDED ENTRY--TOPICAL TERM |
| Topical term or geographic name entry element |
Self help - India - Tamil Nadu |
| 650 ## - SUBJECT ADDED ENTRY--TOPICAL TERM |
| Topical term or geographic name entry element |
Self help |
| 773 ## - HOST ITEM ENTRY |
| Main entry heading |
Indian Journal of Political Science |
| 908 ## - PUT COMMAND PARAMETER (RLIN) |
| Put command parameter |
N |
| 909 ## - |
| -- |
78441 |